MDQL
is popping MORE tags! Check the
thread
!
Quizzes
Events
Quiz Creation
Community
Videos
Private Events
Remove Ads
Sign In
Join for FREE
Feedback
Dark Mode
Quiz Categories
Sports
Geography
Music
Movies
Television
Just For Fun
Miscellaneous
History
Literature
Language
Science
Gaming
Entertainment
Religion
Holiday
For Kids
Quiz Lab
Recent
Popular Today
Quiz Kudos Today
Editor Picks
Curator Picks
Quizzes by...
Day
Popularity
Type
Ratings
Length
Year
Community
Subscriptions
Recent Discussions
Orange Saloon
Badges
Playlists
Quests
Create
Leaderboards
Showdown
Live 5
Trivia Bingo
Activity
Puzzle Library
Sporcle Events
Private Events
Virtual Trivia
Globe League
Become a Host
Pub Owners
SporcleCon
Opinionation
Our Games
Videos
Blog
Mobile Apps
Partnerships
Remove Ads and Go Orange
Feedback
Literature
Harry Potter
A Song of Ice and Fire
The Hunger Games
Literary Character
Shakespeare
Book
Author
Novel
Poem
Young Adult
Children's Books
Play
Lord of the Rings
Literature
Harry Potter
A Song of Ice and Fire
The Hunger Games
Literary Character
Shakespeare
Book
Author
Novel
Poem
Young Adult
Children's Books
Play
Lord of the Rings
Random Quiz
Search Sporcle
×
Quiz Lab
Quiz Lab
Literature
austen
Type in answers that appear in a list
Type in answers that appear in a list
Classic
Best Score? Go Orange.
Homes in Austen's Novels Stats
Can you list all the named residences that appear in Austen's Novels
By
KifKroker
10m
25 Questions
151 Plays
151 Plays
151 Plays
Comments
Comments
Give Quiz Kudos
Give Quiz Kudos
-
- Ratings
hide this ad
Replay
Link that replays current quiz
Next Quiz
Link to next quiz in quiz playlist
You Got
0%
They Got
Avg Score
51%
Avg Friend Score
Upgrade to see
Score Distribution
Jump to the score distribution portion of the page
Score
0/25
Timer
10:00
0
Plays Today
Novel
Estate
% Correct
Pride and Prejudice
Pemberley
90.7%
Pride and Prejudice
Netherfield Park
88.7%
Pride and Prejudice
Longbourn House
83.4%
Pride and Prejudice
Rosings Park
81.5%
Mansfield Park
Mansfield Park
79.5%
Northanger Abbey
Northanger Abbey
76.8%
Emma
Donwell Abbey
64.2%
Sense and Sensibility
Barton Cottage
62.9%
Sense and Sensibility
Barton Park
62.9%
Persuasion
Kellynch Hall
62.9%
Persuasion
Kellynch Lodge
62.3%
Pride and Prejudice
Lucas Lodge
61.6%
Sense and Sensibility
Norland Park
60.3%
Novel
Estate
% Correct
Emma
Hartfield
55.6%
Sense and Sensibility
Delaford House
49.7%
Pride and Prejudice
Hunsford Parsonage
41.7%
Persuasion
Uppercross
38.4%
Persuasion
Uppercross Cottage
38.4%
Sense and Sensibility
Combe Magna
28.5%
Emma
Randalls
25.8%
Sense and Sensibility
Cleveland House
23.8%
Sense and Sensibility
Allenham Court
23.2%
Mansfield Park
Sotherton Court
14.6%
Emma
Maple Grove
10.6%
Persuasion
Winthrop
4.6%
Quiz Playlist
Details
Report
Send in Message
Add To Playlist
Classic:
Type in answers that appear in a list
Last Updated: Feb 16, 2017
Quiz Scoreboard
CHALLENGE
Sign Up to Join the Scoreboard
Show All
Scores
Hide
Comments
May contain spoilers
Recently Published
Famous 'C' Women
by xyz_
Entertainment
6m
Holiday 10x10 Sorting Gallery
by lukepisani3
Holiday
15m
Two Season TV Shows II
by 123Four
Television
10m
More to Explore
Quiz From the Vault
Featured Blog Post
14 Easter Pick-up Lines to Find Eggs With
hide this ad
You Might Also Like...
Tags
austen
emma
Jane Austen
Persuasion
Pride and Prejudice
Today's Top Quizzes in Literature
Browse Literature
hide this ad
Today's Top Quizzes in austen
Browse austen
Top Contributed Quizzes in Literature
1
Sneaky Slytherin Logic Puzzle
2
Game of Thrones: Hodor
3
Harry Potter logic puzzle: The Hogwarts Soap Opera
4
Criteria Quiz: Harry Potter Deaths
5
Moaning Myrtle's Bathroom: Logic Puzzle
6
Get The Picture: Black or White Literature
7
50 Books...Fast and Fatal!
8
Logic Puzzle: Avoid Dumbledore's Army
9
'Middle' Earth
10
Weasley Family Reunion: Logic Puzzle
Explore More
Trending Topics
Marvel
NBA
Anime
Kpop
Harry Potter
Crossword
Disney
Soccer
Pokémon
Song
Country
Puzzle
The Office
NFL
WWE
hide this ad
More By:
KifKroker
Quiz
Plays
Rating
Category
Featured
Created
Homes in Austen's Novels
151
Literature
Oct 25, 2013
Go to Creator's Profile
Score Distribution
Quiz Creator Spotlight
KifKroker
Follow
Send a Message
Quizzes Created
-
Created Quiz Play Count
-
More By This Creator
Popular Quizzes Today
1
Find the US States - No Outlines Minefield
2
Colored Red Africa Blitz
3
Find the 'City' Movie
4
The Countries of the World
5
Find the US States
6
5x2 Blitz: Bands
7
Find the Countries of Europe - No Outlines Minefield
8
US States
More Literature Quizzes
Literature Subcategory 'N'
Published
Trending Quizzes
Colored Red Europe Blitz I
Colored Red Europe Blitz II
Colored Red Africa Blitz II
Colored Red Africa Blitz III
Colored Red Europe Blitz III
Recently Updated
Odd Team Out - Big 4 Players
pecheneg
Quick Pick: 20 Twenties
pecheneg
March Madness Men's Triple Doubles
pecheneg
How Do You Spell That?
pecheneg
Godzilla Movies
pecheneg
Grab Bag: 4-10 Letters
pecheneg
2024 March Madness Bracket
pecheneg
Famous TV Couples
Peacemaker
Champions League XIs: Real Madrid
pecheneg
Largest US Cities 1790-2010
pecheneg
Trending Topics
Harry Potter
Kpop
NBA
Crossword
Anime
Disney
Marvel
Pokémon
The Office
Country
NFL
Puzzle
WWE
Song
Soccer
Your Account Isn't Verified!
In order to create a playlist on Sporcle, you need to verify the email address you used during registration. Go to your
Sporcle Settings
to finish the process.
Report this User
Report this user for behavior that violates our
Community Guidelines
.
Details:
Send Report
Go to the Sporcle.com Mobile Site →
Comments